<?xml version="1.0" encoding="UTF-8"?>
<record
    xmlns:xsi="http://www.w3.org/2001/XMLSchema-instance"
    xsi:schemaLocation="http://www.loc.gov/MARC21/slim http://www.loc.gov/standards/marcxml/schema/MARC21slim.xsd"
    xmlns="http://www.loc.gov/MARC21/slim">

  <leader>01685cam a2200421 i 4500</leader>
  <datafield tag="999" ind1=" " ind2=" ">
    <subfield code="c">525097</subfield>
    <subfield code="d">525097</subfield>
  </datafield>
  <controlfield tag="001">18552872</controlfield>
  <controlfield tag="003">NUST</controlfield>
  <controlfield tag="005">20190628062258.0</controlfield>
  <controlfield tag="008">150403s2011    pk       b    000 0durd  </controlfield>
  <datafield tag="010" ind1=" " ind2=" ">
    <subfield code="a">  2015327241</subfield>
  </datafield>
  <datafield tag="020" ind1=" " ind2=" ">
    <subfield code="a">9789698631376</subfield>
  </datafield>
  <datafield tag="025" ind1=" " ind2=" ">
    <subfield code="a">P-U-2015327241; 15</subfield>
  </datafield>
  <datafield tag="037" ind1=" " ind2=" ">
    <subfield code="b">Library of Congress -- Islamabad Overseas Office</subfield>
    <subfield code="c">Rs 300</subfield>
  </datafield>
  <datafield tag="038" ind1=" " ind2=" ">
    <subfield code="a">Azhar</subfield>
  </datafield>
  <datafield tag="040" ind1=" " ind2=" ">
    <subfield code="a">DLC</subfield>
    <subfield code="b">eng</subfield>
    <subfield code="e">rda</subfield>
    <subfield code="c">DLC</subfield>
  </datafield>
  <datafield tag="042" ind1=" " ind2=" ">
    <subfield code="a">lcode</subfield>
    <subfield code="a">pcc</subfield>
  </datafield>
  <datafield tag="050" ind1="0" ind2="0">
    <subfield code="a">PK2200.K864</subfield>
    <subfield code="b">Z83 2011</subfield>
  </datafield>
  <datafield tag="066" ind1=" " ind2=" ">
    <subfield code="c">(3</subfield>
    <subfield code="c">(4</subfield>
  </datafield>
  <datafield tag="082" ind1=" " ind2=" ">
    <subfield code="a">891.4393</subfield>
    <subfield code="b">TAJ</subfield>
  </datafield>
  <datafield tag="100" ind1="1" ind2=" ">
    <subfield code="6">880-01</subfield>
    <subfield code="a">T&#x101;j, Farz&#x101;nah,</subfield>
    <subfield code="e">author.</subfield>
    <subfield code="9">15878</subfield>
  </datafield>
  <datafield tag="245" ind1="1" ind2="0">
    <subfield code="6">880-02</subfield>
    <subfield code="a">Zuhair Kunj&#x101;h&#x12B; ba&#x1E25;ais&#x332;iyat-i n&#x101;vil&#x2B9;nig&#x101;r /</subfield>
    <subfield code="c">Farz&#x101;nah T&#x101;j.</subfield>
  </datafield>
  <datafield tag="264" ind1=" " ind2="1">
    <subfield code="6">880-03</subfield>
    <subfield code="a">R&#x101;valpin&#x1E0D;&#x12B; :</subfield>
    <subfield code="b">Anjum Pablisharz,</subfield>
    <subfield code="c">2011.</subfield>
  </datafield>
  <datafield tag="300" ind1=" " ind2=" ">
    <subfield code="a">118 pages ;</subfield>
    <subfield code="c">22 cm</subfield>
  </datafield>
  <datafield tag="336" ind1=" " ind2=" ">
    <subfield code="a">text</subfield>
    <subfield code="b">txt</subfield>
    <subfield code="2">rdacontent</subfield>
  </datafield>
  <datafield tag="337" ind1=" " ind2=" ">
    <subfield code="a">unmediated</subfield>
    <subfield code="b">n</subfield>
    <subfield code="2">rdamedia</subfield>
  </datafield>
  <datafield tag="338" ind1=" " ind2=" ">
    <subfield code="a">volume</subfield>
    <subfield code="b">nc</subfield>
    <subfield code="2">rdacarrier</subfield>
  </datafield>
  <datafield tag="504" ind1=" " ind2=" ">
    <subfield code="a">Includes bibliographical references (pages 114-118).</subfield>
  </datafield>
  <datafield tag="520" ind1=" " ind2=" ">
    <subfield code="a">On the life and works of Zuhair Kunj&#x101;h&#x12B;, 1933-; a noted Urdu author.</subfield>
  </datafield>
  <datafield tag="546" ind1=" " ind2=" ">
    <subfield code="a">In Urdu.</subfield>
  </datafield>
  <datafield tag="600" ind1="1" ind2="0">
    <subfield code="6">880-04</subfield>
    <subfield code="a">Kunj&#x101;h&#x12B;, Zuhair,</subfield>
    <subfield code="d">1933-</subfield>
    <subfield code="x">Criticism and interpretation.</subfield>
    <subfield code="9">15879</subfield>
  </datafield>
  <datafield tag="880" ind1="1" ind2=" ">
    <subfield code="6">100-01/(3/r&#x200F;</subfield>
    <subfield code="a">&#x200F;&#x62A;&#x627;&#x62C;&#x60C; &#x641;&#x631;&#x632;&#x627;&#x646;&#x647;&#x60C;&#x200F;</subfield>
  </datafield>
  <datafield tag="880" ind1="1" ind2="0">
    <subfield code="6">245-02/(3/r&#x200F;</subfield>
    <subfield code="a">&#x200F;&#x632;&#x647;&#x64A;&#x631; &#x6A9;&#x646;&#x62C;&#x627;&#x647;&#x649; &#x628;&#x62D;&#x64A;&#x62B;&#x64A;&#x62A; &#x646;&#x627;&#x648;&#x644;&#x200C;&#x646;&#x6AF;&#x627;&#x631; /&#x200F;</subfield>
    <subfield code="c">&#x200F;&#x641;&#x631;&#x632;&#x627;&#x646;&#x647; &#x62A;&#x627;&#x62C;.</subfield>
  </datafield>
  <datafield tag="880" ind1=" " ind2="1">
    <subfield code="6">264-03/(3/r&#x200F;</subfield>
    <subfield code="a">&#x200F;&#x631;&#x627;&#x648;&#x644;&#x67E;&#x646;&#x688;&#x649; :&#x200F;</subfield>
    <subfield code="b">&#x200F;&#x627;&#x646;&#x62C;&#x645; &#x67E;&#x628;&#x644;&#x634;&#x631;&#x632;&#x60C;&#x200F;</subfield>
    <subfield code="c">&#x200F;&#x202A;2011&#x202C;.</subfield>
  </datafield>
  <datafield tag="880" ind1="1" ind2="0">
    <subfield code="6">600-04/(4/r&#x200F;</subfield>
    <subfield code="a">&#x200F;&#x6A9;&#x646;&#x62C;&#x627;&#x647;&#x649;&#x60C; &#x632;&#x647;&#x64A;&#x631;&#x60C;&#x200F;</subfield>
    <subfield code="d">&#x200F;1933-</subfield>
    <subfield code="x">Criticism and interpretation.</subfield>
  </datafield>
  <datafield tag="906" ind1=" " ind2=" ">
    <subfield code="a">7</subfield>
    <subfield code="b">cbc</subfield>
    <subfield code="c">origode</subfield>
    <subfield code="d">3</subfield>
    <subfield code="e">ncip</subfield>
    <subfield code="f">20</subfield>
    <subfield code="g">y-nonroman</subfield>
  </datafield>
  <datafield tag="942" ind1=" " ind2=" ">
    <subfield code="2">ddc</subfield>
    <subfield code="c">BK</subfield>
  </datafield>
  <datafield tag="952" ind1=" " ind2=" ">
    <subfield code="0">0</subfield>
    <subfield code="1">0</subfield>
    <subfield code="2">ddc</subfield>
    <subfield code="4">0</subfield>
    <subfield code="7">0</subfield>
    <subfield code="a">CL</subfield>
    <subfield code="b">CL</subfield>
    <subfield code="c">PLIT</subfield>
    <subfield code="d">2019-06-28</subfield>
    <subfield code="l">0</subfield>
    <subfield code="o">891.4393 TAJ</subfield>
    <subfield code="p">CL-E-923</subfield>
    <subfield code="r">2019-06-28</subfield>
    <subfield code="w">2019-06-28</subfield>
    <subfield code="y">BK</subfield>
  </datafield>
</record>
